Responses for Show #5424 - Thursday, March 20, 2008

Contestants

[<< previous game]

Lisa Schumaker, a medical research assistant from Silver Spring, Maryland

John Martellaro, a public relations and marketing consultant from Lenexa, Kansas

Kristina Caffrey, a college student from Albuquerque, New Mexico (whose 3-day cash winnings total $57,400)

[next game >>]

Jeopardy! Round responses

OPTICAL ALLUSIONS
MILKING COWS
HONORARY U.S. CITIZENSHIP
THINGS TO DO IN DENVER
NUMERICAL PHRASES
"O"...
(Alex: You have to complete the phrase that begins with the letter O.)
    $200 10
(Kristina: What is the iris?)
...
(Alex: [*], yes. Studying.)

the pupil

KristinaJohn
    $200 2
The Simple Life

Kristina
    $200 14
Mother Teresa

Lisa
    $200 1
the U.S. Mint

John
    $200 16
behind the eight ball

John
    $200 5
Oh Henry!

Lisa
    $400 25
the iris

Kristina
    $400 11
Dorothy

Lisa
    $400 15
(the Marquis de) Lafayette

Lisa
    $400 3
(John: Uh, who is Kit Carson?)
(Lisa: Who is Wild Bill Hickok?)

Buffalo Bill Cody

JohnLisa
Triple Stumper
    $400 18
PG-13

John
    $400 6
Oh, God!

Lisa
    $600 26
the retina

Lisa
    $600 12
Green Acres

Lisa
    $600 22
Anne Frank

Kristina
    $600 4
Molly Brown

Lisa
    $600 19
(Alex: Yes, and just as a brief addendum to this, I told Kelly, stay off my driveway!)[Laughter]

four-wheel drive

Lisa
    $600 7
o-rings

Lisa
    $800 27
(Alex: Same for drivers, the [*].)

the blind spot

Triple Stumper
    $800 13
(Lisa: What is Borden?)
...
(Alex: If it isn't Borden, maybe it's [*].)

Carnation

Lisa
Triple Stumper
    $800 23
Winston Churchill

John
    $800 20
a three-point landing

John
    $800 8
O Pioneers!

Lisa
    $1000 28
(Kristina: What is the derma?)
[The end-of-round signal sounds.]

the cornea

Kristina
Triple Stumper
    $1000 17
Tad Hamilton

Kristina
    $1000 24
Raoul Wallenberg

Triple Stumper
    $1000 21
(John: What is the Five Nations?)
(Alex: Be more specific.)
(John: Uh, what are the Five, uh, Sioux Nations?)

the Five Civilized Nations (or Tribes)

John
Triple Stumper
    $1000 9
(Alex: The Canadian national anthem. Way to go.)
[Applause]
(Alex: You ran the category, and you now have $3,200. But there are no more "O"s.)

"O Canada"

Lisa

Scores at the first commercial break (after clue 15):

Kristina John Lisa
$0 $0 $4,000

Scores at the end of the Jeopardy! Round:

Kristina John Lisa
$1,000 $1,200 $5,200

Double Jeopardy! Round responses

AMERICAN LIT
MIKE TV
PLAY THE PALACE
BATTLE CRIES
A WOMAN OF DISTINCTION
BREATHE A "CY"
    $400 1
Gone with the Wind

Lisa
    $400 15
Mike Wallace

Lisa
    $400 11
Buckingham Palace

Kristina
    $400 21
Remember the Alamo

Lisa
    $400 26
Gandhi

John
    $400 2
cyclone

John
    $800 5
Daniel Webster

Kristina
    $800 16
Mike Rowe

Triple Stumper
    $800 12
Bucharest

Lisa
    $800 22
Banzai!

Lisa
    $800 27
Rosa Parks

Lisa
    $800 3
Cyprus

Lisa
    $2,000 6
(Kristina: When last lilacs bloomed... what is when last lilacs bloomed in the--the farmyard door?)
(Alex: Nope. You kind of have a feeling that you're not right, huh? Yeah. What is [*]?)

"O Captain! My Captain!"

Kristina
    $1200 17
Mike Judge

John
    $1200 13
winter palace

Lisa
    $1200 23
the Legionnaires (the French Foreign Legion)

Kristina
    $1200 28
Wallis Simpson

Kristina
    $1200 4
cyanide

Kristina
    $1600 7
All The King's Men

Kristina
    $1600 18
Mike Connors

John
    $1600 14
Pitti Palace

Triple Stumper
    $2,000 24
Remember the Maine

Kristina
    $1600 29
Mary Shelley

Lisa
    $1600 9
cybercafe

Lisa
    $2000 8
Omoo

Lisa
    $2000 19
Mike Post

Kristina
    $2000 20
Belgium

Triple Stumper
    $2000 25
[ERRATUM: The quote comes from an earlier scene in the play, before Henry's troops take Harfleur.]

the Battle of Agincourt

Kristina
    $2000 30
(Lisa: Who is Sally Ride?)

Shannon Lucid

Lisa
Triple Stumper
    $2000 10
cyclosporine

Triple Stumper

Scores at the end of the Double Jeopardy! Round:

Kristina John Lisa
$11,400 $4,800 $14,000

[wagering suggestions for these scores]

Final Jeopardy! Round responses

PLAGUES & PESTILENCE
JohnWhat are "killer" bees?
$1
KristinaWhat are killer bees?
$5,000
LisaWhat are Africanized Honey bees?
$6,000
killer bees

Final scores:

Kristina John Lisa
$16,400 $4,801 $20,000
2nd place: $2,000 3rd place: $1,000 New champion: $20,000

Game dynamics:

Coryat scores:

Kristina John Lisa
$13,000 $4,800 $14,000
13 R
(including 1 DD),
3 W
(including 1 DD)
10 R,
2 W
23 R,
3 W

Combined Coryat: $31,800

[game clues] [game scores] [suggest correction]

Game tape date: 2007-11-28
The J! Archive is created by fans, for fans. Scraping, republication, monetization, and malicious use prohibited; this site may use cookies and collect identifying information. See terms. The Jeopardy! game show and all elements thereof, including but not limited to copyright and trademark thereto, are the property of Jeopardy Productions, Inc. and are protected under law. This website is not affiliated with, sponsored by, or operated by Jeopardy Productions, Inc. Join the discussion at JBoard.tv.